| 000 | 00555nam a2200205 a 4500 | ||
|---|---|---|---|
| 001 | 11025 | ||
| 003 | CO-ViMGA | ||
| 008 | 141112s2004 ck r 000 u spa d | ||
| 040 |
_aCO-ViMGA _bspa _cCO-ViMGA |
||
| 082 | 0 | 4 | _a658.15 B73m |
| 100 | 1 |
_aBrealey, Richard A. _915216 |
|
| 245 | 1 | 0 | _aManual de Finanzas Corporativas |
| 250 | _a4. | ||
| 260 |
_aSantafé de Bogotá.Colombia , _cMcGraw - Hill, _c1995. |
||
| 300 | _aV 1, V 2, V 3. | ||
| 490 | _aEmpresas Finanzas Manuales | ||
| 500 | _aVol. y núm. : | ||
| 650 | 1 | 4 |
_aSE _915217 |
| 942 |
_2ddc _cBK |
||
| 999 |
_c22241 _d22241 |
||